| Tag |
First Indicator |
Second Indicator |
Subfields |
| LEADER |
00000cam a2200000 a 4500 |
| 001 |
in00000008850 |
| 005 |
20151004050037.0 |
| 008 |
870522s1987 onca b 00110 eng c |
| 010 |
|
|
|a cn 87094236
|
| 015 |
|
|
|a C87-94236-0
|
| 020 |
|
|
|a 0888080298 :
|c $12.50
|
| 035 |
|
|
|a (OCoLC)16178250
|
| 035 |
|
|
|9 AAA1262AM
|
| 040 |
|
|
|a CaOTU
|b eng
|c NLC
|d TXA
|d UtOrBLW
|
| 043 |
|
|
|a n-cn---
|
| 049 |
|
|
|a TXAM
|c [A12582413]
|
| 050 |
|
4 |
|a HD7105.35.C3
|b B87 1987
|
| 082 |
0 |
|
|a 331.25/2/0971
|2 19
|
| 100 |
1 |
|
|a Burbidge, John,
|d 1948-
|
| 245 |
1 |
0 |
|a Social security in Canada :
|b an economic appraisal /
|c John Burbidge.
|
| 264 |
|
1 |
|a Toronto :
|b Canadian Tax Foundation,
|c [1987]
|
| 264 |
|
4 |
|c ©1987
|
| 300 |
|
|
|a xi, 98 pages :
|b illustrations ;
|c 23 cm.
|
| 336 |
|
|
|a text
|b txt
|2 rdacontent
|
| 337 |
|
|
|a unmediated
|b n
|2 rdamedia
|
| 338 |
|
|
|a volume
|b nc
|2 rdacarrier
|
| 490 |
1 |
|
|a Canadian tax paper,
|x 0008-512X ;
|v no. 79
|
| 504 |
|
|
|a Includes bibliographical references and index.
|
| 650 |
|
0 |
|a Old age pensions
|x Economic aspects
|z Canada.
|
| 650 |
|
0 |
|a Social security
|x Mathematical models.
|
| 710 |
2 |
|
|a Canadian Tax Foundation.
|
| 830 |
|
0 |
|a Canadian tax papers ;
|v no. 79.
|
| 999 |
|
|
|a MARS
|
| 999 |
f |
f |
|s ba58d07d-c54a-3ada-ad0f-4d6a46c48891
|i b91265b3-8160-3c55-928b-14a0e98068dc
|t 0
|
| 952 |
f |
f |
|p ric
|a Texas A&M University
|b Rellis Campus
|c Joint Library Facility
|d Remote Storage
|t 0
|e HD7105.35.C3 B87 1987
|h Library of Congress classification
|i unmediated -- volume
|m A14812582413
|
| 998 |
f |
f |
|a HD7105.35.C3 B87 1987
|t 0
|l Remote Storage
|